Loading...
| History - European | 0 | 7 | 1 | 1 | 65 | 19 | 75.71 | 1 | 2 | 28.10 | 41.00 |
| History - World | 0 | 6 | 1 | 2 | 55 | 98 | 121.17 | 0 | 1 | 4.19 | 21.64 |
| History - Other | 0 | 6 | 1 | 0 | 55 | 76 | 106.67 | 0 | 2 | 8.97 | 24.82 |
| Mythology | 0 | 5 | 1 | 0 | 45 | 76 | 95.80 | 1 | 1 | 12.96 | 28.18 |
| Literature - American | 0 | 5 | 1 | 0 | 45 | 43 | 72.20 | 1 | 2 | 23.40 | 30.09 |
| Fine Arts - Classical Music | 0 | 4 | 0 | 1 | 40 | 107 | 116.75 | 0 | 1 | 2.79 | 15.18 |
| History - American | 0 | 4 | 0 | 0 | 40 | 87 | 96.75 | 0 | 0 | 9.61 | 8.18 |
| Literature - British | 0 | 4 | 1 | 0 | 35 | 71 | 85.50 | 0 | 1 | 17.00 | 19.82 |
| Religion | 0 | 4 | 2 | 2 | 30 | 96 | 106.00 | 0 | 0 | 2.37 | 7.73 |
| Philosophy | 0 | 2 | 0 | 0 | 20 | 125 | 125.00 | 0 | 0 | 0.00 | 4.55 |
| Fine Arts - Other | 0 | 2 | 0 | 1 | 20 | 91 | 118.00 | 0 | 1 | 2.96 | 10.27 |
| Literature - European | 0 | 2 | 0 | 0 | 20 | 92 | 100.00 | 0 | 0 | 5.67 | 11.82 |
| Social Science | 0 | 2 | 1 | 0 | 15 | 68 | 84.00 | 0 | 0 | 5.25 | 9.09 |
| Literature - World | 0 | 2 | 1 | 0 | 15 | 59 | 69.50 | 1 | 2 | 9.89 | 18.00 |
| Fine Arts - Painting and Sculpture | 0 | 1 | 0 | 0 | 10 | 61 | 61.00 | 0 | 1 | 5.04 | 8.18 |
| Science - Biology | 0 | 1 | 0 | 0 | 10 | 79 | 79.00 | 0 | 1 | 3.73 | 9.00 |
| Science - Physics | 0 | 1 | 0 | 0 | 10 | 47 | 47.00 | 1 | 1 | 5.73 | 10.00 |
| Current Events | 0 | 1 | 0 | 0 | 10 | 50 | 50.00 | 0 | 0 | 30.47 | 20.00 |
| Geography | 0 | 1 | 1 | 1 | 5 | 131 | 131.00 | 0 | 0 | 0.00 | 4.55 |
| Science - Other | 0 | 0 | 1 | 0 | -5 | 0.00 | 0 | 0 | 0.00 | 0.00 |